000 01946nam a2200361 4500
001 113810
003 DR-UNIBE
005 20250709084040.0
008 250701b2009 ho ||||| |||| 00| 0 spa d
040 _aBIBLIOTECA UNIBE
_bspa
_cBIBLIOTECA UNIBE
_erda
041 _aspa
082 _222
_a372.41 L566c
245 1 0 _aLengua, comunicación e innovación en el aula :
_buna utopía posible /
250 _aSegunda edición
260 _aTegucigalpa:
_b CETT/CA-RD :
_bUPNFM,
_c2009
300 _a72, 79, 54, 54 páginas :
_bcuadros, tablas, fotos ;
_c27 x 21 cm
500 _aAportes a la publicación de varias entidades educativas de México, Guatemala, República Dominicana, Nicaragua, El Salvador y Honduras mencionadas en la contraportada interior. Publicación financiada por USAID.
505 _aPresentación | MÓDULO I. Innovación de la tradición docente: la utopía común | MÓDULO II. Del aula que tenemos al aula que queremos: innovación con los textos narrativos | MÓDULO III. Conquistemos el mundo de los textos narrativos | MÓDULO IV. Los proyectos educativos: una alternativa en la enseñanza de la lectoescritura
650 7 _2lemb
_aComunicación oral
_xEnseñanza
_9197183
650 7 _2lemb
_aComunicación escrita
_x Enseñanza
_9197184
650 7 _2lemb
_aFormación profesional de maestros
700 1 0 _aFromm Cea, Lidia
_9196831
_eredacción
700 1 0 _aMartínez, José Benito
_9196832
_eredacción
_erevisión
700 1 0 _aDíaz, Jorge
_9196833
_eredacción
_ediseñador
_ediagramador
700 1 0 _aGómez Hinestroza, Geovany
_9196834
_eredacción
700 1 0 _aGüty, Sonia
_9196835
_eredacción
700 1 0 _aArellano, Viena
_9196836
_eredacción
700 1 0 _aUlloa, Gloria Ester
_9196837
_erevisión
700 1 0 _aMatute, Emma
_9196838
_erevisión
700 1 0 _aMejía R., Marco Tulio
_9196839
_epresentador
700 1 0 _aBanegas, Francisco
_9196840
_ediseñador
_ediagramador
942 _2ddc
_cBK
999 _c113810
_d113810